Fatiga crónica : (Registro nro. 14949)

Detalles MARC
000 -CABECERA
Longitud fija campo de control 00919nam a2200217 a 4500
003 - • IDENTIFICADOR DELl NÚMERO DE CONTROL
Identificador del número de control CO-ViMGA
008 - • CÓDIGOS DE INFORMACIÓN DE LONGITUD FIJA
Códigos de información de longitud fija 141112s2004 ck r 000 u spa d
020 ## - • NÚMERO INTERNACIONAL NORMALIZADO PARA LIBROS
Número Internacional Normalizado para Libros (ISBN) 9580209276
040 ## - FUENTE DE LA CATALOGACIÓN
Centro catalogador de origen CO-ViMGA
Lengua de catalogación spa
Centro transcriptor CO-ViMGA
082 04 - • NÚMERO DE LA CLASIFICACIÓN DECIMAL DEWEY
Número de clasificación (R) 616.8528 G672
100 1# - • PUNTO DE ACCESO PRINCIPAL-NOMBRE DE PERSONA
Nombre de persona Gordon, Neil
245 10 - • TITULO PROPIAMENTE DICHO
Título Fatiga crónica :
Resto del título guía completa de ejercicios para prevención y rahabilitación
300 ## - • DESCRIPCIÓN FÍSICA
Extensión 144 p : il
490 ## - • MENCIÓN DE SERIE
Mención de serie Condición física
505 ## - • NOTA DE CONTENIDO CON FORMATO
Nota de contenido con formato Ejercicio y cansancio no son sinónimos 15 - - Beneficios y riesgos del ejercicio paara combatir el cansancio del SFC 29 - - Iniciación de un programa regular de ejercicios 45 - - Sistema de evaluación de la salud : máximos beneficios con minimos riesgos 87 - - Ejercicio sin riesgo : Pautas esenciales para personas con SFC 111
590 ## - NOTAS LOCALES
Nota local Ejemplares : 2
650 14 - • PUNTO DE ACCESO ADICIONAL DE MATERIA - TÉRMINO DE MATERIA
Término de materia o nombre geográfico como elemento inicial FATIGA
942 ## - ENTRADA DE ELEMENTOS AGREGADOS (KOHA)
Fuente de clasificaión o esquema Dewey Decimal Classification
Koha [por defecto] tipo de item LIbro
Existencias
Perdido Fuente de clasificación o esquema Estado Físico No para préstamo Forma de adquisición Localización permanente Localización actual Fecha adquisición Serie de enumeración / cronolog&íacute;a Préstamos totales Signatura completa Código de barras Fecha última consulta Número de copia Fecha del precio de reemplazo Tipo de item de Koha Localización en estanterías Note pública
  Dewey Decimal Classification     Colección General Biblioteca Pública Puerto López - Jorge Eliecer Gaitán Biblioteca Pública Puerto López - Jorge Eliecer Gaitán 06/25/2025     616.8528 G672 PLZ02418 06/25/2025 Ej.1 06/25/2025 LIbro General  
        Sala General Biblioteca Pública Departamental Eduardo Carranza - Villavicencio Biblioteca Pública Departamental Eduardo Carranza - Villavicencio 11/27/2006     616.8528 G67f ECA9718 11/26/2024 Ej.1 11/26/2024 LIbro General 9065 | 12558
  Dewey Decimal Classification     Sala Especializada Tercer Piso Biblioteca Pública Germán Arciniegas - Villavicencio Biblioteca Pública Germán Arciniegas - Villavicencio 12/04/2015 Volumen. 1 | 11/jun/2009   616.8528 G672 010061 12/04/2015 Ej. 1 12/04/2015 LIbro    
  Dewey Decimal Classification     Sala Especializada Tercer Piso Biblioteca Pública Germán Arciniegas - Villavicencio Biblioteca Pública Germán Arciniegas - Villavicencio 12/04/2015 Volumen. 2 | 05/nov/2013   616.8528 G672 00187 12/04/2015 Ej. 2 12/04/2015 LIbro    









Instituto Departamental de Cultura del Meta - Red Departamental de Bibliotecas Públicas del Meta.